| 000 | 00355nam a22001457a 4500 | ||
|---|---|---|---|
| 003 | SGT | ||
| 082 |
_a746.92 _bS22Y |
||
| 100 | _aYADAV, SWATI | ||
| 245 | _aStudy Of Consumer Syndrome On Branded Formal Shirts In Delhi NCR | ||
| 260 |
_aGURUGRAM _bSGT UNIVERSITY _c2022 |
||
| 300 | _a170 | ||
| 650 | _aFASHION & DESIGN | ||
| 653 | _aPHD | ||
| 942 |
_2ddc _cTH |
||
| 999 |
_c26475 _d26475 |
||